[Event "GER-chT U10"]
[Site "Magdeburg"]
[Date "2014.12.29"]
[Round "7.4"]
[White "Mueller, Bennet"]
[Black "Bangura, Benjamin"]
[Result "0-1"]
[WhiteElo "600"]
[BlackElo "843"]
[PlyCount "82"]
[EventDate "2014.12.27"]
[EventType "team-swiss"]
[EventRounds "7"]
[EventCountry "GER"]
[SourceTitle "EXT 2016"]
[Source "ChessBase"]
[SourceDate "2015.10.08"]
[SourceVersion "1"]
[SourceVersionDate "2015.10.08"]
[SourceQuality "1"]
[WhiteTeam "Berlin Schachunion"]
[BlackTeam "Braunschweig"]
[WhiteTeamCountry "GER"]
[BlackTeamCountry "GER"]

1. e4 e5 2. Nf3 Nc6 3. d4 d5 4. exd5 Qxd5 5. Nc3 Qd8 6. dxe5 Qxd1+ 7. Nxd1 Bc5 8. Bb5 f6 9. exf6 Nxf6 10. Ne5 Bf5 11. Ne3 Be6 12. Bxc6+ bxc6 13. Nxc6 0-0 14. 0-0 Bd7 15. Ne7+ Bxe7 16. Re1 Rae8 17. Bd2 Ng4 18. Nxg4 Bxg4 19. Re4 Bf5 20. Rf4 Bxc2 21. Rxf8+ Rxf8 22. Rc1 Bg6 23. Rxc7 Bf6 24. Bb4 Rd8 25. f3 Bd4+ 26. Kf1 Bxb2 27. Rxa7 Bd3+ 28. Kf2 Bd4+ 29. Kg3 Bxa7 30. a4 Rd4 31. Be7 Rxa4 32. f4 Bb8 33. Kg4 Rxf4+ 34. Kg3 Ra4+ 35. Kh3 Bf5+ 36. g4 Bxg4+ 37. Kh4 Kf7 38. Bg5 h6 39. Be3 Kf6 40. h3 g5+ 41. Bxg5+ hxg5# 0-1

[Event "GER-chT U10"]
[Site "Magdeburg"]
[Date "2014.12.29"]
[Round "6.4"]
[White "Reuter, Elisa"]
[Black "Mueller, Bennet"]
[Result "1-0"]
[WhiteElo "1085"]
[BlackElo "600"]
[PlyCount "131"]
[EventDate "2014.12.27"]
[EventType "team-swiss"]
[EventRounds "7"]
[EventCountry "GER"]
[SourceTitle "EXT 2016"]
[Source "ChessBase"]
[SourceDate "2015.10.08"]
[SourceVersion "1"]
[SourceVersionDate "2015.10.08"]
[SourceQuality "1"]
[WhiteTeam "Erfurt Empor"]
[BlackTeam "Berlin Schachunion"]
[WhiteTeamCountry "GER"]
[BlackTeamCountry "GER"]

1. e4 e5 2. Nf3 Nc6 3. d4 exd4 4. Nxd4 Bc5 5. Be3 Qf6 6. c3 d6 7. Bc4 Ne5 8. Bb3 Qh4 9. Nd2 Nd3+ 10. Ke2 Bg4+ 11. f3 Nf6 12. Kxd3 Be6 13. Qe1 Qh5 14. Kc2 0-0 15. Nxe6 fxe6 16. Bxe6+ Kh8 17. Bxc5 Qxc5 18. Nb3 Qe5 19. Bd5 Rfe8 20. Qd2 c6 21. Bc4 Rad8 22. Rae1 d5 23. exd5 Qf5+ 24. Qd3 Qf4 25. Rxe8+ Nxe8 26. Qe4 Qg5 27. dxc6 bxc6 28. Qe2 a5 29. Nd4 Qh6 30. Qe6 Nf6 31. Qe2 c5 32. Nb3 a4 33. Nxc5 Rd2+ 34. Qxd2 Qxd2+ 35. Kxd2 Ne8 36. Re1 Nf6 37. Re7 h6 38. Ne4 Nh5 39. g4 Nf4 40. Rf7 Ng6 41. Ra7 Ne5 42. Rxa4 Nxf3+ 43. Ke3 Ne5 44. Kd4 Nc6+ 45. Kd5 Ne7+ 46. Ke6 Ng6 47. Ra8+ Kh7 48. Kd5 Nf4+ 49. Kc6 Ng6 50. Nf6+ gxf6 51. Bd3 Kg7 52. Bxg6 Kxg6 53. h4 f5 54. gxf5+ Kxf5 55. Rh8 Kg6 56. a4 Kh5 57. a5 Kg6 58. a6 Kh5 59. a7 Kg6 60. a8Q Kf5 61. Rxh6 Ke5 62. Qa5+ Ke4 63. Rf6 Ke3 64. h5 Kd2 65. c4+ Kc2 66. c5 1-0

[Event "GER-chT U10"]
[Site "Magdeburg"]
[Date "2014.12.28"]
[Round "3.4"]
[White "Mueller, Bennet"]
[Black "Gaertner, Uta"]
[Result "1-0"]
[WhiteElo "600"]
[BlackElo "810"]
[PlyCount "29"]
[EventDate "2014.12.27"]
[EventType "team-swiss"]
[EventRounds "7"]
[EventCountry "GER"]
[SourceTitle "EXT 2016"]
[Source "ChessBase"]
[SourceDate "2015.10.08"]
[SourceVersion "1"]
[SourceVersionDate "2015.10.08"]
[SourceQuality "1"]
[WhiteTeam "Berlin Schachunion"]
[BlackTeam "Halle Volksbank"]
[WhiteTeamCountry "GER"]
[BlackTeamCountry "GER"]

1. e4 e5 2. Nf3 Nc6 3. d4 exd4 4. Nxd4 Nxd4 5. Qxd4 d6 6. Nc3 Nf6 7. Bg5 Be7 8. Bb5+ c6 9. Bd3 0-0 10. Qe3 d5 11. e5 Ng4 12. Bxe7 Qxe7 13. Qh3 Qxe5+ 14. Ne2 c5 15. Qxh7# 1-0

[Event "GER-chT U10"]
[Site "Magdeburg"]
[Date "2014.12.27"]
[Round "2.4"]
[White "Grunert, Wilhelm"]
[Black "Mueller, Bennet"]
[Result "1-0"]
[WhiteElo "835"]
[BlackElo "600"]
[PlyCount "51"]
[EventDate "2014.12.27"]
[EventType "team-swiss"]
[EventRounds "7"]
[EventCountry "GER"]
[SourceTitle "EXT 2016"]
[Source "ChessBase"]
[SourceDate "2015.10.08"]
[SourceVersion "1"]
[SourceVersionDate "2015.10.08"]
[SourceQuality "1"]
[WhiteTeam "Muenchen Suedost"]
[BlackTeam "Berlin Schachunion"]
[WhiteTeamCountry "GER"]
[BlackTeamCountry "GER"]

1. e4 e5 2. Nf3 Nc6 3. d4 exd4 4. Nxd4 Bc5 5. Nxc6 dxc6 6. Qxd8+ Kxd8 7. Bf4 Bd4 8. c3 Bc5 9. Be3 f6 10. Bf4 Bg4 11. g3 Bf3 12. Rg1 Bxe4 13. Nd2 Bc2 14. Rc1 Ba4 15. b3 Ba3 16. Rd1 Bb5 17. Bxb5 cxb5 18. Nc4+ Bd6 19. Nxd6 cxd6 20. Rxd6+ Kc8 21. Ke2 Ne7 22. Rgd1 Re8 23. Kf1 Nf5 24. Rd7 Ne7 25. Rc7+ Kb8 26. Rc6# 1-0